000 00604nam a2200169 4500
001 127076
003 ES-MaACL
005 20230906192934.0
007 t|
008 070214m19481949sp r ||||1| spa d
100 1 _aRica y Arenal, Ramón de la.
_996846
245 1 0 _aComentarios al nuevo Reglamento hipotecario /
_cRamón de la Rica y Arenal.
260 _aMadrid :
_bColegio Nacional de Registradores de la Propiedad de España,
_c1948-49.
300 _a2 v. ;
_c22 cm.
710 2 _aColegio de Registradores de la Propiedad y Mercantiles de España.
_92938
852 _aES-MaACL
_jB-2231-32
_bR.26962
999 _c127076
_d127076